| 000 | 02603nam a22006497a 4500 | ||
|---|---|---|---|
| 001 | 5727181 | ||
| 003 | LIBRIS | ||
| 005 | 20241031123957.0 | ||
| 008 | 011211s1999 xxu|||||||||||000 0|eng|c | ||
| 020 | _a0810963922 | ||
| 035 | _a(Bo)295697 | ||
| 035 | _a(Mo)b1436521 | ||
| 040 |
_aQ _ea _beng _cDLC |
||
| 041 | _aeng | ||
| 080 |
_a7 _bH-54 |
||
| 082 | 4 |
_a759.13 _221 |
|
| 082 | 4 |
_a759.13 _221 |
|
| 084 |
_aIbz Rockwell, Norman _2kssb/6 |
||
| 084 |
_aIbz Rockwell, Norman _2kssb/8 |
||
| 084 |
_aLz Rockwell, Norman _2kssb/8 |
||
| 100 |
_91048 _aHennessey, Hart. Maureen |
||
| 245 | 0 | 0 |
_aNorman Rockwell : _bpictures for the American people / _c/ by: Harry N. Abrams |
| 260 |
_aNew York _bHarry N. Abrams _c1999 |
||
| 300 |
_a200 p. _bill. (some col.) _c30cm |
||
| 340 | _b30cm | ||
| 365 | _b22 usd | ||
| 500 |
_5Mo _aengelska |
||
| 600 | 1 | 4 |
_aRockwell, Norman, _d1894-1978 _xCriticism and interpretation |
| 600 | 1 | 4 | _aRockwell, Norman |
| 600 | 1 | 4 | _aRockwell, Norman |
| 650 | 7 |
_aPainting, American _2BNB |
|
| 650 | 0 |
_aArt _9447 |
|
| 650 | 7 |
_aPainting, Modern _zUnited States _y20th century _2BNB |
|
| 653 | 0 | _aხელოვნება | |
| 655 | 4 | _0https://id.kb.se/marc/NotFictionNotFurtherSpecified | |
| 655 | 4 |
_5Mo _aBok |
|
| 700 | 1 |
_aKnutson, Anne _eunspecifiedContributor _4oth _0https://libris.kb.se/vs69dk2d42lqhz4#it |
|
| 887 |
_a{"@id":"p60sr4k11tb9r1m","modified":"2018-10-30T23:00:00+01:00","checksum":"69916701639"} _2librisxl |
||
| 887 |
_a{"@id":"37f2gz484v0zqbs","modified":"2014-04-01T10:46:20+02:00","checksum":"69616542089"} _2librisxl |
||
| 887 |
_a{"@id":"djpd4d0k1n0j73b","modified":"2017-02-14T16:12:41+01:00","checksum":"65814213194"} _2librisxl |
||
| 887 |
_a{"@id":"7ckk39hd48bgc3l","modified":"2009-03-03T11:21:28+01:00","checksum":"85557488915"} _2librisxl |
||
| 887 |
_a{"@id":"48fhzv893cdh6jz","modified":"2018-06-05T10:23:37.128+02:00","checksum":"82612865972"} _2librisxl |
||
| 887 |
_a{"@id":"15cg6rc6011nvvk","modified":"2013-07-31T11:44:02+02:00","checksum":"69672336442"} _2librisxl |
||
| 900 | 1 | s |
_6700 _uKnutson, Anne |
| 942 |
_2udc _cBK |
||
| 999 |
_c1624 _d1624 |
||